NHL All-Stars (2022-23) - Statistics

General Stats
  • This quiz has been taken 141 times
  • The average score is 32 of 47
Answer Stats
Hint Pos. Team Answer % Correct
F TOR* Auston Matthews
90%
F EDM Connor McDavid
90%
F NJD Jack Hughes
90%
F COL Nathan MacKinnon
87%
F TOR Mitch Marner
84%
F TBL Nikita Kucherov
84%
F PIT Sidney Crosby
84%
F WAS Alex Ovechkin
83%
F FLA Aleksander Barkov
82%
F OTT Brady Tkachuk
82%
Atlantic F BOS David Pastrnak
82%
F EDM Leon Draisaitl
82%
F FLA Matthew Tkachuk
82%
D NYR Adam Fox
81%
G TBL Andrei Vasilevskiy
81%
D COL Cale Makar
81%
F NYR Artemi Panarin
80%
F DET Dylan Larkin
80%
F MON Nick Suzuki
78%
D BUF Rasmus Dahlin
78%
G BOS Linus Ullmark
77%
F BUF Tage Thompson
77%
G VGK Logan Thompson
76%
F COL Mikko Rantanen
76%
G NYR Igor Shesterkin
73%
F VAN Elias Pettersson
71%
F MIN Kirill Kaprizov
71%
G NYI Ilya Sorokin
69%
F DAL Jason Robertson
68%
G NSH Juuse Saros
67%
F CBJ Johnny Gaudreau
66%
Central F ARI Clayton Keller
64%
G WPG Connor Hellebuyck
64%
D CHI Seth Jones
62%
G EDM Stuart Skinner
60%
Metropolitan F CAR Andrei Svechnikov
53%
D SJS Erik Karlsson
52%
D WPG Josh Morrissey
51%
F NYI Brock Nelson
47%
Pacific F ANA Troy Terry
46%
F CGY Nazem Kadri
42%
F VAN Bo Horvat
38%
F STL Vladimir Tarasenko
37%
F LAK Kevin Fiala
33%
F SEA Matty Beniers
31%
F PHI Kevin Hayes
18%
F VGK Chandler Stephenson
8%
No matching quizzes found
Score Distribution
Percent of People with Each Score
Percentile by Number Answered
Your Score History
You have not taken this quiz